000 00723nam a22002297a 4500
003 UA-OsUOA
001 55920
007 ta
008 20080922b un ||||| |||| 00| 0 ukr d
090 _a347.734(4+477)
_bБ23
942 _cBK
040 _aUA-OsUOA
_bukr
_cUA-OsUOA
_dUA-OsUOA
245 _aБанківське право в ЄС та в Україні
_bпорівняльно-правове дослідження
300 _a344 с.
955 _a1
041 _aukr
080 _a347.734(4+477)
020 _a978-966-364-622-0
260 _aК.
_bЦентр навчальної літератури
_c2007
650 7 _a347 Цивільне право. Судовий устрій
_2UDC
999 _c342097
_d342097